Banderas con la Señera / Senyera - Estadísticas

Estadísticas generales
  • Esta prueba ha sido intentada 15 veces
    2 desde el último reinicio
  • La puntuación promedio es 14 de 31
Estadísticas de respuestas
Imagen Hint Respuesta % Correcto
Bandera nacional Andorra
100%
Ciudad de España Barcelona
100%
Región de España Comunidad Valenciana
100%
Bandera nacional España
100%
Ciudad de España Gerona
100%
Ciudad de Italia Alguer
50%
Ciudad de España Alicante
50%
Región de España Aragón
50%
Ciudad de España Castellón de la Plana
50%
Región de España Cataluña
50%
Isla de España Formentera
50%
Isla de España Ibiza
50%
Región de España Islas Baleares
50%
Ciudad de España Lérida
50%
Isla de España Mallorca
50%
Isla de España Menorca
50%
Región de Francia Occitania
50%
Región de Francia Pirineos Orientales
50%
Provincia de España Provincia de Huesca
50%
Provincia de España Provincia de Teruel
50%
Provincia de España Provincia de Zaragoza
50%
Ciudad de España Tarragona
50%
Provincia de Italia Ciudad metropolitana de Regio de Calabria
0%
Región histórica francesa Provenza
0%
Región de Francia Provenza-Alpes-Costa Azul
0%
Provincia de Italia Provincia de Catanzaro
0%
Provincia de Italia Provincia de Lecce
0%
Región histórica francesa Rosellón
0%
Ciudad de España Salamanca
0%
Municipio de Puerto Rico San Germán
0%
Comarca de España Valle de Arán
0%
No se encontraron pruebas coincidentes
Distribución de puntuación
Porcentaje de gente con cada puntuación
Porcentaje por número respondido
Historial de tus puntuaciones
No has intentado esta prueba desde el último reinicio